00633nam a2200181 a 4500020002200000040000900022082002600031100002100057245005000078260007600128300003800204650001700242650001600259650002000275942001000295999001700305952012900322 a9251028982 (pbk.) cTxDa a333 FAU 1992 C152 Or.1 aMcConnell, D. J.14aThe forest-garden farms of Kandy, Sri Lanka / aRome :bFood and Agriculture Organization of the United Nations,c1992. aix, 117 p. :bill., map ;c21 cm. 0aFarms, Small 0aAgriculture 0aFarm management cAEDBB c18761d18761 0010406333_000000000000000_FAU_1992_C152_OR70983237aLBCbLBCd2020-01-21eA32703o333 FAU 1992 C152 Or.r2020-01-21yEK